|
|
|
|
| LEADER |
00000cam a2200000 a 4500 |
| 001 |
57642 |
| 003 |
Ucuenca |
| 005 |
20230308161313.0 |
| 008 |
974081|1969 ec ||||||||r|||||||||||spa|| |
| 040 |
|
|
|b spa
|
| 041 |
0 |
|
|a spa
|
| 082 |
0 |
|
|a Pe861.304
|
| 245 |
|
|
|a Homenaje internacional a César Vallejo
|c Editores Carlos Milla Batres y Washington Delgado
|h imp
|
| 264 |
|
|
|a Lima
|b Visión del Perú
|c 1969
|
| 300 |
|
|
|a 335 páginas:
|b ilu
|c 34.5 cm
|
| 504 |
|
|
|a incl. ref.
|
| 650 |
|
0 |
|a Literatura peruana
|9 453
|
| 650 |
|
0 |
|9 525
|a Cesar vallejo
|
| 700 |
1 |
|
|a Milla Batres, Carlos.
|e editor
|9 511
|
| 852 |
|
|
|a UC-CDJBV
|f Donación
|l 1
|m Limitada
|p 19740812
|t 57642
|b 1
|d CDRC
|e CDRC
|g Pe861.304 ESTANTERIA CERRADA
|z 1974-40-81
|
| 852 |
|
|
|a UC-CDJBV
|f Donación
|l 2
|m General
|p 20160127
|q 5.00
|r 2
|t si11147
|b 0
|d CDRC
|e CDRC
|g Pe861.304 TERCER PISO
|z 2016-60-12
|
| 856 |
|
|
|a http://sibuc.ucuenca.edu.ec/portada/si11147-cdj.jpg
|
| 942 |
|
|
|c BK
|2 ddc
|z lourdes.naula@ucuenca.edu.ec
|
| 999 |
|
|
|c 14002
|d 14002
|